000 00558nam a2200193Ia 4500
005 20260415160335.0
008 008 250505s9999 xx 000 0 eng d
037 _aTextual
040 _aFEDL
_beng
_cFEDL
041 _aeng
_2eng
084 _a330.1 MCC
_qFEDL
100 _aMcconnell John W.
_9344270
245 0 _aBasic teachings of the great economists
260 _aPhiladelphia
_bThe Blakiston Company
_c1947
300 _axiii,367p.
650 _aEconomics
942 _cTEXL
_h330.1 MCC
999 _c1321851
_d1321851